Logo biblioteca
Santa Fe 2917, Rosario, Santa Fe
Lu-Vi 8 a 19.45
+54-341-4232362
bibliotecaeudoro@gmail.com
Facebook Biblioteca Pedagógica
Sitio web

Educación y sociedad en la Argentina (1880-1945) / (Registro nro. 32526)

Detalles MARC
000 -CABECERA
campo fijo de control de longitud 00688nam a22002297a 4500
001 - NÚMERO DE CONTROL
campo de control 32526
003 - IDENTIFICADOR DEL NÚMERO DE CONTROL
campo de control AR-RoBPED
005 - FECHA Y HORADE LA ULTIMA TRANSACCION
campo de control 20260413113020.0
008 - ELEMENTOS DE LONGITUD FIJA--INFORMACION GENERAL
campo fijo de control de longitud 260408s1986 ag ||||er|||| 001 0 spa d
020 ## - ISBN
ISBN 9509086215
040 ## - FUENTE CATALOGADORA
Centro catalogador/agencia de origen AR-RoBPED
041 ## - IDIOMA
Código de idioma para texto/pista de sonido o título independiente spa
100 1# - ENCABEZAMIENTO PRINCIPAL--AUTOR PERSONAL
Nombre de persona Tedesco, Juan Carlos
9 (RLIN) 1015
245 1# - TITULO
Título Educación y sociedad en la Argentina (1880-1945) /
Mención de responsabilidad Juan Carlos Tedesco.
260 ## - PUBLICACION
Lugar Buenos Aires:
Editor Solar,
Fecha 1986.
300 ## - DESCRIPCION FISICA
Extensión 284 p.
490 0# - SERIE
Mención de serie (Dimensión Argentina)
650 #4 - TERMINO DE MATERIA--CONTROLADO
Término controlado HISTORIA DE LA EDUCACION
9 (RLIN) 1012
Término controlado SOCIEDAD
9 (RLIN) 2015
942 ## - ELEMENTOS KOHA
Fuente de clasificación Universal Decimal Classification
Número Koha K. 32526
Koha tipo de ítem Libro
Clasificación 37(82)(091)
Signatura librística T 31
Inventario Inv. 42358
945 ## - PROCESAMIENTO DE LA INFORMACIÓN LOCAL
Catalogador y fecha fd 08/04/2026 - cd 13/04/2026
Existencias
Estado retirado Estado perdido Fuente de clasificación Estado dañado No se presta Biblioteca propietaria Biblioteca de reserva Fecha de adquisición Procedencia Total de préstamos Signatura topográfica completa Código de barras (nº de inventario) Fecha visto por última vez Catalogador y fecha Tipo de ítem Koha Nota pública
    Universal Decimal Classification     Biblioteca Pedagógica Eudoro Díaz Biblioteca Pedagógica Eudoro Díaz 01/04/2026 donación   37(82)(091) T 31 42358 08/04/2026 fd 08/04/2026 Libro Se presta 15 días